Countries by A Picture Clue #2 - Statistics

General Stats
  • This quiz has been taken 190 times
  • The average score is 11 of 20
Answer Stats
Picture Answer % Correct
India
97%
Switzerland
97%
Brazil
90%
Peru
87%
Turkey
86%
Georgia
70%
Norway
70%
Panama
67%
Vietnam
65%
Luxembourg
59%
Malaysia
56%
Tanzania
48%
Iran
47%
Taiwan
37%
Belgium
34%
Croatia
32%
Solomon Islands
30%
Argentina
29%
Canada
26%
Philippines
2%
No matching quizzes found
Score Distribution
Percent of People with Each Score
Percentile by Number Answered
Your Score History
You have not taken this quiz